Music Quiz

Random Music or Artist Quiz
Score 0/24 Timer 07:00
1 Play Today
% Correct
Justin Timberlake
96.6%
Dolly Parton
93.6%
Beyoncé
82.3%
Ice Cube
80.9%
Barbra Streisand
78.8%
Madonna
77.4%
Janet Jackson
74.1%
Lenny Kravitz
71.5%
Queen Latifah
67.6%
Meat Loaf
62%
Paul Simon
59.4%
Art Garfunkel
59.2%
% Correct
Ludacris
54%
Ringo Starr
51.3%
Björk
51%
Mariah Carey
50.7%
Vanessa Williams
45.8%
Desi Arnaz
43.4%
Bruce Springsteen
42.1%
Frank Zappa
40.7%
Debbie Harry
37.1%
Chris Isaak
27.5%
Rosemary Clooney
24.2%
Tom Waits
22.1%
Remove Ads.
Support Sporcle.
Get the best of Sporcle when you Go Orange. This ad-free experience offers more features, more stats, and more fun while also helping to support Sporcle. Thank you for becoming a member.

You're not logged in!

Compare scores with friends on all Sporcle quizzes.
OR
Log In

Show Comments

Extras

Top Quizzes Today


Score Distribution

Your Account Isn't Verified!

In order to create a playlist on Sporcle, you need to verify the email address you used during registration. Go to your Sporcle Settings to finish the process.

Report this User

Report this user for behavior that violates our Community Guidelines.

Details: